000 00400nam a2200181Ia 4500
003 OSt
005 20260224153813.0
008 250729s1996 xx 000 0 und d
040 _cAL
041 _aeng
082 _a423 IMSE
100 _aIMSI
_9229710
245 _aEasy language
260 _aUSA
_c1996
650 _aEnglish
_9229711
700 _aRao Digumurthi
_9229712
942 _2ddc
_cBED
999 _c238423
_d238423